Ariana Grande - Une lettre, une chanson - Statistiques

Statistiques générales
  • Ce quiz a été pris 3 133 fois
    967 depuis la dernière actualisation
  • Le résultat moyen est 15 sur 23
Statistiques - réponses
Hint Réponse % Correct
B Baby I / Bad Decisions / bad idea / Bang Bang / Be Alright / Be My Baby / Best Mistake / Better Off / Better Left Unsaid / Blazed / bloodline / Borderline / The Boy Is Mine / Break Free / break up with your girlfriend, i'm bored / Break Your Heart Right Back / Breathin / Bye
91%
P past life / Pete davidson / Piano Harmony / Popular Song / Positions / POV / Problem
83%
G Get Well Soon / ghostin / God is a woman / Goodnight N Go / Greedy
81%
S Safety Net / Santa Baby / Saturn Returns Interlude / Shut Up / Side to Side / Six Thirty / Snow in California / Someone Like U / Sometimes / Step on Up / Successful / Supernatural / Sweetener
81%
D dandelion / Dangerous Woman / Daydreamin / December / Don't Wanna Break Up Again
80%
N NASA / Nasty / needy / No Tears Left To Cry / Not Just On Christmas
80%
T Tattooed Heart / Test Drive / thank u, next / Thinking Bout You / Too Close / Touch It / True Story / True Love / twilight zone
79%
Chiffre 34+35 / 7 rings
74%
I I Don't Care / imagine / in my head / Into You / Intro (End of the World) / I Wish I Hated You
74%
L Last Christmas / Leave Me Lonely / Let Me Love You / The Light Is Coming / Love Is Everything / Love Language / Love Me Harder / Lovin'it
72%
M Main Thing / make up / Moonlight / Motive / My Everything / My Hair
72%
W warm / The Way / We Can't Be Friends (Wait for Your Love) / West Side / Winter Things / Wit It This Christmas / Why Try / Worst Behavior
72%
O Obvious / Off the Table / One Last Time / Only 1 / Ordinary Things
71%
E Eternal Sunshine / Everyday / Everytime
68%
Y You Don't Know Me / Yes, And? / You'll Never Know
57%
H Hampstead / Hands on Me / Honeymoon Avenue
55%
F fake smile / Focus
53%
R Raindrops (An Angel Cried) / R.E.M / Right There
48%
J Jason's Song (Gave It Away) / Just a Little Bit of Your Heart / Just like Magic
46%
Q Quit
37%
A Almost is never Enough
32%
K Knew Better / Forever Boy
26%
C Cadillac Song
25%
Aucun quiz correspondant
Distribution des résultats
% des personnes avec chaque résultat
Percentile par nombre de réponses
Votre historique - résultats
Vous n’avez pas pris ce quiz depuis la dernière actualisation